Motívy tvorby klastrov cestovného ruchu v Slovenskej republike a vybraných štátoch Európskej únie

Vznik klastrov cestovného ruchu na Slovensku od roku 2008. Príčiny zakladania klastrov. Analýza motívov vytvárania klastrov cestovného ruchu na Slovensku a vo vybraných krajinách EÚ. Výhody členstva v klastroch cestovného ruchu. Pozitívny vplyv klastra na koordináciu aktivít v cestovnom ruchu, na zl...

Ausführliche Beschreibung

Gespeichert in:
Bibliographische Detailangaben
1. Verfasser: Belešová, Stanislava
Format: Buchkapitel
Sprache:Slowakisch
Schlagworte:
Tags: Tag hinzufügen
Keine Tags, Fügen Sie das erste Tag hinzu!

MARC

LEADER 00000naa a2200000 4500
001 0135108
005 20231016074225.4
041 0 |a slo 
044 |a SK 
245 1 0 |a Motívy tvorby klastrov cestovného ruchu v Slovenskej republike a vybraných štátoch Európskej únie  |c Stanislava Belešová 
520 |a Vznik klastrov cestovného ruchu na Slovensku od roku 2008. Príčiny zakladania klastrov. Analýza motívov vytvárania klastrov cestovného ruchu na Slovensku a vo vybraných krajinách EÚ. Výhody členstva v klastroch cestovného ruchu. Pozitívny vplyv klastra na koordináciu aktivít v cestovnom ruchu, na zlepšenie propagácie a marketingu regiónu. 
610 2 0 |a ruch cestovný 
610 2 0 |a klaster 
610 2 0 |a koordinácia 
610 2 0 |a marketing 
610 2 0 |a propagácia 
610 2 0 |a rozvoj podniku 
610 2 0 |a konkurencia 
610 2 0 |a regióny 
610 2 0 |a Slovensko 
610 2 0 |a Európska únia 
100 1 |a Belešová, Stanislava